Dog Breeds by Picture: AKC Sporting Group - Statistics

General Stats
  • This quiz has been taken 81 times
    57 since last reset
  • The average score is 19 of 33
Answer Stats
Picture Answer % Correct
Weimaraner
91%
Golden Retriever
88%
Labrador Retriever
88%
English Cocker Spaniel
81%
Irish Setter
78%
Brittany Spaniel
72%
Clumber Spaniel
69%
German Shorthaired Pointer
69%
Vizsla
69%
Curly-Coated Retriever
66%
English Setter
66%
English Springer Spaniel
66%
Nova Scotia Duck Tolling Retriever
66%
Flat-Coated Retriever
63%
German Wirehaired Pointer
63%
Chesapeake Bay Retriever
59%
English Pointer
59%
Gordon Setter
56%
Wirehaired Vizsla
56%
Irish Red and White Setter
53%
American Cocker Spaniel
50%
Barbet
47%
Boykin Spaniel
47%
Bracco Italiano
47%
Sussex Spaniel
47%
American Water Spaniel
44%
Field Spaniel
44%
Irish Water Spaniel
41%
Lagotto Romagnolo
41%
Nederlandse Kooikerhondje
41%
Welsh Springer Spaniel
38%
Spinone Italiano
34%
Wirehaired Pointing Griffon
31%
No matching quizzes found
Score Distribution
Percent of People with Each Score
Percentile by Number Answered
Your Score History
You have not taken this quiz since the last reset